| 000 | 00983nam0a22002771 4500 | ||
|---|---|---|---|
| 001 | RU\NLR\INFOCOMM_195\5000042741 | ||
| 005 | 20250613092143.0 | ||
| 035 | _a(NLR Aleph) 009143507 | ||
| 090 |
_a8350485 _c8350485 |
||
| 100 | _a20091028d1985 |||y0rusy50 ca | ||
| 101 | 1 | _aspa | |
| 102 | _aRU | ||
| 105 | _aa ||||000|y | ||
| 200 | 1 |
_aCiudades heroicas _fSemión Borzunov _g[Trad. Ramon Rodriguez] |
|
| 210 |
_aΜ. _cEd. de la Agencia de prensa "Nóvosti" _d1985 |
||
| 215 |
_a86 с., 8 л. цв. ил. _cил., факс., портр. _d17 см |
||
| 300 | _aВ вып. дан.: Города-герои / Семен Михайлович Борзунов | ||
| 300 | _aНа обл. авт. не указан | ||
| 686 |
_aЦ35(2)722.11 _2rubbk |
||
| 700 | 1 |
_9z01790 _aBorzunov _bS. M. _f1919- _gSemen Michajlovič _4070 |
|
| 790 | 1 |
_9z01700 _aBorzunov _bS. _gSemión _4070 |
|
| 801 | 1 |
_aRU _bNLR _c20091028 |
|
| 801 | 0 |
_aRU _bNLR _gPSBO |
|
| 852 |
_aNLR _jВ11 Д-1/99 |
||
| 942 | _cBOOK | ||
| 980 | _aNB | ||